Movies Set in Germany - Statistics

General Stats
  • This quiz has been taken 128 times
  • The average score is 6 of 15
Answer Stats
Description Movie % Correct
Tower-dwelling princess has extremely long hair Tangled
72%
Priest starts the Protestant Reformation Luther
64%
German officer tries to assassinate Hitler with a briefcase bomb Valkyrie
51%
Fairy tales collecting brothers face real magical curse The Brothers Grimm
50%
Kit Kat Klub performer falls in love with two men, with the Nazi Party on rise Cabaret
49%
Hitler's last private secretary tells the story of his last days in his bunker Downfall
44%
Young girl steals books before they are burned by the Nazis The Book Thief
41%
Girl has 20 minutes to come up with 100,000 Deutschmarks Run Lola Run
35%
Family pretends that East Germany still exists, so that their mother wouldn't have a heart attack Good Bye Lenin!
33%
Art experts rescue priceless artworks stolen by the Nazis The Monuments Men
32%
Lawyer defends and tries to exchange a suspected KGB spy for a US pilot Bridge of Spies
31%
Law student encounters his former lover as she defends herself in a war-crime trial in a post-WWII Germany The Reader
28%
Stasi agent spies on playwright whom he thinks is not loyal to the Communist Party The Lives of Others
27%
Depicts the third of the 12 trials of the Nuremberg trials Judgment at Nuremberg
21%
A small village before WWI face strange events, which seem to be ritual punishment The White Ribbon
11%
No matching quizzes found
Score Distribution
Percent of People with Each Score
Percentile by Number Answered
Your Score History
You have not taken this quiz